Minecraft redstone components - Statistics

General Stats
  • This quiz has been taken 36 times
  • The average score is 16 of 62
Answer Stats
Hint Answer % Correct
The most basic redstonecomponent Redstone dust
92%
It has "Block" in itsname Redstone Block
88%
You need a stickto craft this Redstone Torch
84%
It can make a redstone signal longer Redstone Repeater
80%
It can activateredstone Lever
68%
It can... well, compare signal strings Redstone Comparator
64%
It only uses onestone to be crafted Stone Button
56%
This block Observer
52%
It only uses oneplank to be crafted Oak Button
48%
It can detect ifsomeone's standing on it. It is crafted from oak planks Oak Pressure Plate
48%
It can detect if someone's standing on it. It is crafted from stone Stone Pressure Plate
48%
It can move blocks Piston
44%
It can move blockBOTH WAYS Sticky Piston
44%
This block canshoot you with arrows or potions Dispenser
40%
This block canmove your items to a different location Hopper
40%
You can store itemsin this block Chest
32%
You can store items in this block Chest
32%
This block candrop items Dropper
32%
Minecarts can rideon this! Rail
28%
By mining this blockyou get redstone! Redstone ore
28%
A better pressureplate, that can detect movement Sculk Sensor
28%
It is bouncy Slime Block
28%
You can see this itemin the jungle temple Tripwire Hook
28%
It detects when it'sday Daylight sensor
24%
This detects if aminecart went through this block! Detector Rail
24%
You can smell ironin this! Furnace
24%
You can put musicdiscs to this! Jukebox
24%
You can play musicon this block! Noteblock
24%
Boom TNT
24%
This rail activatesitself when a mincart goes through Activator Rail
20%
You can store items in this block (but different) Barrel
20%
Villager Farmersreally like this block Composter
20%
You can use thisblock in flying machines Honey Block
20%
When a villagergets to this block, it can give you mending Lectern
20%
This thing can rideon rails Minecart
20%
Spiders drop these String
20%
A variation of thething above Calibrated Sculk Sensor
16%
You can fill thisblock with water Cauldron
16%
This makesminecarts go faster! Powered Rail
16%
It can summonwarden Sculk Shrieker
16%
It was added in 1.16 Target
16%
The same but golden Heavy Weighted Pressure Plate
12%
You can use thisblock as a safe entrance to your house that can only be activated by redstone Iron Door
12%
The same as above, butmade of iron Iron trapdoor
12%
Basically ironpressure plate Light Weighted Pressure Plate
12%
Zombies can breakthis block! It's made of oak Oak Door
12%
It can produce light! Redstone lamp
12%
It's made of bamboo,it holds a chest and floats on water Bamboo raft with chest
8%
It can ride on rails and has a chest Minecart with chest
8%
It can ride on rails and has a furnace Minecart with furnace
8%
It can ride on railsand has a hopper Minecart with hopper
8%
It can ride on rails and can explode Minecart with TNT
8%
It's made of oak, holdsa chest and floats on water Oak boat with chest
8%
It's a door that can beused for traps, it is made of oak Oak trapdoor
8%
This block can hold armor Armor stand
4%
It can ring, it spawnsnaturally in a village Bell
4%
I have no idea why it'sin the redstone tab, but it's a dripleaft and it's BIG Big dripleaf
4%
This was added in1.20 Chiseled bookshelf
4%
It's made of oak andyou can open it by clicking it! (It's not a door) Oak fence gate
4%
It can help you dealwith warden White Wool
4%
I have no idea whyit's here, but it is a block that spawns underground Block of ametyst
0%
Lighting bolts liketo hit these Lighting Rod
0%
No matching quizzes found
Score Distribution
Percent of People with Each Score
Percentile by Number Answered
Your Score History
You have not taken this quiz